Teología fundamental: de la Revelación y de la Fe
Furkejuvvon:
| Váldodahkki: | |
|---|---|
| Materiálatiipa: | Girji |
| Giella: | espánnjágiella |
| Almmustuhtton: |
Madrid
Biblioteca de Autores Cristianos
2010
|
| Ráidu: | Biblioteca de Autores Cristianos, 690
|
| Fáttát: | |
| Fáddágilkorat: |
Lasit fáddágilkoriid
Eai fáddágilkorat, Lasit vuosttaš fáddágilkora!
|
MARC
| LEADER | 00000cam a2200000 a 4500 | ||
|---|---|---|---|
| 001 | UCG7804 | ||
| 003 | CL-VaPUC | ||
| 008 | 110921e20100000SP |||||||||||||||||spa|d | ||
| 020 | |a 9788422014416 | ||
| 082 | 0 | 4 | |a 230 |b GON |2 21 |
| 100 | |a González Montes, Adolfo |e author |9 593051 | ||
| 245 | 1 | 0 | |a Teología fundamental: de la Revelación y de la Fe |
| 300 | |a 1079 p | ||
| 942 | |c BK | ||
| 945 | |d 20110921 00:00:00 |a dcastane | ||
| 260 | |a Madrid |b Biblioteca de Autores Cristianos |c 2010 | ||
| 650 | 0 | |a Teología fundamental |9 313207 | |
| 650 | 7 | |a TRATADOS |2 CL-VaPUC |9 558327 | |
| 650 | 0 | |a Iglesia |9 255004 | |
| 650 | 0 | |a Cristología |9 315091 | |
| 650 | 0 | |a Cristianismo |9 257361 | |
| 583 | |a last modification |c 20161213 11:52:12 |k Rodrigo Vera | ||
| 490 | 0 | |a Biblioteca de Autores Cristianos, 690 | |
| 999 | |c 345545 |d 345543 | ||
| 952 | |0 0 |1 0 |4 0 |6 230_000000000000000_GON_2010 |7 0 |8 A |9 444413 |a BIBTEO |b BIBTEO |d 2019-11-22 |i 4791584 |l 13 |o 230 GON 2010 |p 4791584 |r 2025-01-17 |s 2022-01-03 |w 2019-11-22 |y BK |k ICR | ||
| 952 | |0 0 |1 0 |3 erd |4 0 |6 230_000000000000000_GON_2010 |7 0 |8 A |9 444414 |a BIBTEO |b BIBTEO |i 535630K |o 230 GON 2010 |p 535630K |r 2025-01-17 |w 2019-11-22 |y BK |z Catalogado en:20161216 |k ICR | ||